| 000 | 00536nam a2200193Ia 4500 | ||
|---|---|---|---|
| 005 | 20250508151037.0 | ||
| 008 | 008 250505s9999 xx 000 0 eng d | ||
| 037 | _aTextual | ||
| 040 |
_aFEDL _beng _cFEDL |
||
| 041 |
_aeng _2eng |
||
| 084 |
_a328.37, AUR _qFEDL |
||
| 100 |
_aAuer J. Jeffery _9135295 |
||
| 245 | 0 | _aEssentials of Praliamentary procedure | |
| 250 | _a2 | ||
| 260 |
_aNew York, USA _bAppleton-Century-Crofts _c1942 |
||
| 300 | _aviii,41p | ||
| 942 |
_cTEXL _h328.37, AUR |
||
| 999 |
_c1327240 _d1327240 |
||